[Event "17. Obert Pobla de Lillet 2007"]
[Site "La Pobla de Lillet ESP"]
[Date "2007.08.04"]
[Round "3.1"]
[White "Kogan, Artur"]
[Black "Wohl, Aleksandar H"]
[Result "1-0"]
[WhiteElo "2569"]
[BlackElo "2423"]
[PlyCount "91"]
[EventDate "2007.08.02"]
[EventType "swiss"]
[EventRounds "9"]
[EventCountry "ESP"]
[SourceTitle "Ajedrez en Madrid"]
[Source "lmi"]
[SourceDate "2007.08.02"]
[SourceVersion "1"]
[SourceVersionDate "2020.06.30"]
[SourceQuality "1"]

1. d4 Nf6 2. Nf3 e6 3. e3 b6 4. Bd3 Bb7 5. O-O d6 6. c4 Nbd7 7. Nc3 Be7 8. b3
O-O 9. Bb2 a6 10. Qe2 Re8 11. Rad1 c5 12. Ng5 h6 13. f4 cxd4 14. exd4 d5 15.
Nf3 dxc4 16. bxc4 b5 17. cxb5 axb5 18. Bxb5 Qb6 19. Ne5 Ba6 20. a4 Bb4 21. Kh1
Bxc3 22. Bxc3 Bxb5 23. axb5 Rab8 24. Rb1 Nxe5 25. dxe5 Nd5 26. Bd2 Qd4 27. f5
exf5 28. Rxf5 g6 29. Rf3 Rxe5 30. Qd3 Qxd3 31. Rxd3 g5 32. Kg1 Rb7 33. g3 Kh7
34. Be1 Kg6 35. Bf2 Nf6 36. b6 Ne4 37. Be3 Kf5 38. Rc1 Ree7 39. Rc6 Red7 40.
Ra3 Rd6 41. Ra7 Rxc6 42. Rxb7 Nd6 43. Rxf7+ Nxf7 44. b7 Re6 45. b8=Q Rxe3 46.
Qa7 1-0

[Event "17. Obert Pobla de Lillet 2007"]
[Site "La Pobla de Lillet ESP"]
[Date "2007.08.04"]
[Round "3.2"]
[White "Matnadze, Ana"]
[Black "Mirzoev, Azer"]
[Result "0-1"]
[WhiteElo "2409"]
[BlackElo "2551"]
[PlyCount "120"]
[EventDate "2007.08.02"]
[EventType "swiss"]
[EventRounds "9"]
[EventCountry "ESP"]
[SourceTitle "Ajedrez en Madrid"]
[Source "lmi"]
[SourceDate "2007.08.02"]
[SourceVersion "1"]
[SourceVersionDate "2020.06.30"]
[SourceQuality "1"]

1. d4 Nf6 2. c4 e6 3. g3 c5 4. d5 exd5 5. cxd5 b5 6. Bg2 d6 7. b4 cxb4 8. Bb2
Be7 9. Nf3 O-O 10. Nd4 Qb6 11. O-O a5 12. Nd2 Nfd7 13. Nf5 Bf6 14. Qc1 Bxb2 15.
Qxb2 Ne5 16. Ne7+ Kh8 17. Rac1 Bd7 18. Nf3 Nxf3+ 19. Bxf3 Na6 20. Rcd1 Nc5 21.
Rd4 Rae8 22. Nc6 Bf5 23. Rh4 Be4 24. Qd4 Bxf3 25. exf3 Qc7 26. Qg4 h6 27. Nd4
Qe7 28. Nxb5 Qf6 29. Qf4 Qxf4 30. Rxf4 Re2 31. Nxd6 Rxa2 32. Rc4 Nd3 33. Rc7
Kg8 34. Ne4 Rd8 35. d6 f5 36. d7 Kf7 37. Nd6+ Ke6 38. Nc4 b3 39. Rb7 a4 40. Rd1
Nc5 41. Rd6+ Ke7 42. Rb5 Nxd7 43. Ra6 Rb8 44. Rxb8 Nxb8 45. Ra7+ Ke6 46. Kg2
Nd7 47. Ra6+ Kd5 48. Ne3+ Kc5 49. Ra5+ Kb4 50. Ra7 Nc5 51. Ra8 Nd3 52. Rb8+ Kc3
53. Rc8+ Kb2 54. Nxf5 Ka3 55. Ne3 Rxf2+ 56. Kh3 Rxf3 57. Nc4+ Ka2 58. Ra8 Nc5
59. Ra5 b2 60. Nd2 Rd3 0-1

[Event "17. Obert Pobla de Lillet 2007"]
[Site "La Pobla de Lillet ESP"]
[Date "2007.08.04"]
[Round "3.3"]
[White "Movsziszian, Karen"]
[Black "Ayza Ballester, Jordi"]
[Result "1-0"]
[WhiteElo "2534"]
[BlackElo "2254"]
[PlyCount "127"]
[EventDate "2007.08.02"]
[EventType "swiss"]
[EventRounds "9"]
[EventCountry "ESP"]
[SourceTitle "Ajedrez en Madrid"]
[Source "lmi"]
[SourceDate "2007.08.02"]
[SourceVersion "1"]
[SourceVersionDate "2020.06.30"]
[SourceQuality "1"]

1. e4 c5 2. d3 Nc6 3. g3 g6 4. Bg2 Bg7 5. f4 d6 6. Nf3 e6 7. O-O f5 8. exf5
exf5 9. Re1+ Nge7 10. Ng5 h6 11. Ne6 Bxe6 12. Rxe6 Qd7 13. Re1 O-O 14. c3 Kh7
15. Nd2 Rae8 16. Nb3 Ng8 17. Be3 Re7 18. Qf3 Rfe8 19. Bf2 Rxe1+ 20. Bxe1 Nf6
21. Bd2 Re7 22. h3 Qe8 23. Rd1 Nd8 24. Nc1 Qa4 25. b3 Qe8 26. Rf1 Nc6 27. Rf2
Nd8 28. Kf1 b6 29. Re2 Rxe2 30. Nxe2 Qd7 31. Be1 a5 32. Qa8 d5 33. Qb8 Nb7 34.
c4 dxc4 35. bxc4 Nd8 36. Nc1 Ne6 37. Qxb6 a4 38. Qc6 Qe7 39. Qxa4 g5 40. fxg5
hxg5 41. Ne2 f4 42. Qc6 fxg3 43. Bxg3 Qf7 44. Kg1 Kh8 45. a4 Nh5 46. Qc8+ Nf8
47. Bf2 Nf4 48. Nxf4 gxf4 49. Qxc5 f3 50. Bf1 Ne6 51. Qd5 Qg6+ 52. Kh1 Qf6 53.
Qe4 Qa1 54. Qe1 Qf6 55. c5 Bf8 56. d4 Nxd4 57. Qc3 Bg7 58. Bxd4 Qxd4 59. Qxd4
Bxd4 60. c6 Bb6 61. Bd3 Kg7 62. Be4 f2 63. Kg2 Kf6 64. h4 1-0

[Event "17. Obert Pobla de Lillet 2007"]
[Site "La Pobla de Lillet ESP"]
[Date "2007.08.04"]
[Round "3.4"]
[White "Guramishvili, Sopiko"]
[Black "Luther, Thomas"]
[Result "0-1"]
[WhiteElo "2273"]
[BlackElo "2529"]
[PlyCount "46"]
[EventDate "2007.08.02"]
[EventType "swiss"]
[EventRounds "9"]
[EventCountry "ESP"]
[SourceTitle "Ajedrez en Madrid"]
[Source "lmi"]
[SourceDate "2007.08.02"]
[SourceVersion "1"]
[SourceVersionDate "2020.06.30"]
[SourceQuality "1"]

1. d4 e6 2. c4 Nf6 3. Nf3 d5 4. cxd5 exd5 5. Nc3 Bb4 6. Bg5 O-O 7. e3 Be6 8.
Bd3 c5 9. O-O Nbd7 10. Ne5 Qa5 11. f4 cxd4 12. Nxd7 Nxd7 13. f5 dxc3 14. fxe6
Ne5 15. Qh5 Nxd3 16. exf7+ Kh8 17. Rf3 cxb2 18. Raf1 Ne1 19. Rg3 b1=Q 20. Bh6
Bc3 21. Rxg7 Qa6 22. Rg8+ Rxg8 23. fxg8=Q+ Rxg8 0-1

[Event "17. Obert Pobla de Lillet 2007"]
[Site "La Pobla de Lillet ESP"]
[Date "2007.08.04"]
[Round "3.6"]
[White "Codina Feixes, Josep"]
[Black "Asis Gargatagli, Hipolit"]
[Result "0-1"]
[WhiteElo "2211"]
[BlackElo "2374"]
[PlyCount "111"]
[EventDate "2007.08.02"]
[EventType "swiss"]
[EventRounds "9"]
[EventCountry "ESP"]
[SourceTitle "Ajedrez en Madrid"]
[Source "lmi"]
[SourceDate "2007.08.02"]
[SourceVersion "1"]
[SourceVersionDate "2020.06.30"]
[SourceQuality "1"]

1. d4 Nf6 2. c4 c5 3. d5 e6 4. Nc3 exd5 5. cxd5 Bd6 6. e4 Be5 7. Bd3 O-O 8. Be3
d6 9. Nge2 Ng4 10. Bf4 f5 11. g3 g5 12. Bxg5 Qxg5 13. f4 Bxc3+ 14. Nxc3 Qe7 15.
Qf3 fxe4 16. Bxe4 b5 17. O-O-O b4 18. Nb1 Nh6 19. Rde1 Qf6 20. h3 Nf5 21. Nd2
Nd4 22. Qh5 Bf5 23. Nc4 Nd7 24. g4 Bg6 25. Bxg6 hxg6 26. Qg5 Qxf4+ 27. Qxf4
Rxf4 28. Nxd6 Nb6 29. Re5 Rd8 30. Nb7 Rxd5 31. Rxd5 Nxd5 32. Nxc5 Rf2 33. Nd3
Rc2+ 34. Kb1 Rd2 35. Ne5 Nf4 36. h4 Nd3 37. Nc4 Rg2 38. g5 Nf4 39. Ne3 Rg3 40.
Rd1 Nfe2 41. Nd5 a5 42. Nf6+ Kf7 43. Ne4 Rg1 44. Rxg1 Nxg1 45. Kc1 Ngf3 46.
Nd6+ Ke6 47. Nc4 Nc6 48. a3 bxa3 49. bxa3 Nxh4 50. Nd2 Kf5 51. Kc2 Kxg5 52. Kd3
Kf5 53. Kc4 Ne5+ 54. Kc5 Nd7+ 55. Kb5 g5 56. Nf1 0-1

[Event "17. Obert Pobla de Lillet 2007"]
[Site "La Pobla de Lillet ESP"]
[Date "2007.08.04"]
[Round "3.7"]
[White "Nogue Fajula, Joan"]
[Black "Simon Padros, Emili"]
[Result "0-1"]
[WhiteElo "2066"]
[BlackElo "2221"]
[PlyCount "70"]
[EventDate "2007.08.02"]
[EventType "swiss"]
[EventRounds "9"]
[EventCountry "ESP"]
[SourceTitle "Ajedrez en Madrid"]
[Source "lmi"]
[SourceDate "2007.08.02"]
[SourceVersion "1"]
[SourceVersionDate "2020.06.30"]
[SourceQuality "1"]

1. d4 e6 2. Nf3 f5 3. g3 Nf6 4. Bg2 Be7 5. O-O O-O 6. c4 d5 7. Nc3 c6 8. b3 Qe8
9. e3 Nbd7 10. Bb2 Bd6 11. Rc1 Qh5 12. h3 g5 13. a3 Qh6 14. Nh2 Qg6 15. Qe1 Kh8
16. f4 Rg8 17. Rf3 Ne4 18. Ne2 Ndf6 19. Rc2 Bd7 20. Bc1 Rg7 21. c5 Bc7 22. b4
Rag8 23. Nc3 h5 24. Nxe4 Nxe4 25. g4 gxf4 26. gxh5 Qxg2+ 27. Rxg2 Rxg2+ 28. Kh1
fxe3 29. Ng4 fxg4 30. Kxg2 gxf3+ 31. Kxf3 Rg3+ 32. Ke2 Be8 33. Bxe3 Bxh5+ 34.
Kf1 Rxh3 35. Bh6 Rh1+ 0-1

[Event "17. Obert Pobla de Lillet 2007"]
[Site "La Pobla de Lillet ESP"]
[Date "2007.08.04"]
[Round "3.8"]
[White "Garcia Galeote, Lorenzo"]
[Black "Tarrago Antoni, Maurici"]
[Result "1-0"]
[WhiteElo "2062"]
[BlackElo "2222"]
[PlyCount "55"]
[EventDate "2007.08.02"]
[EventType "swiss"]
[EventRounds "9"]
[EventCountry "ESP"]
[SourceTitle "Ajedrez en Madrid"]
[Source "lmi"]
[SourceDate "2007.08.02"]
[SourceVersion "1"]
[SourceVersionDate "2020.06.30"]
[SourceQuality "1"]

1. d4 Nf6 2. c4 e6 3. Nc3 Bb4 4. a3 Bxc3+ 5. bxc3 d6 6. e3 O-O 7. Bd3 e5 8. e4
Nc6 9. Ne2 b6 10. O-O Ba6 11. f4 Nd7 12. fxe5 dxe5 13. Be3 Na5 14. Ng3 Bxc4 15.
Nf5 Bxd3 16. Qxd3 Nc6 17. Bh6 g6 18. Bxf8 Qxf8 19. Qc4 Nd8 20. Qd5 Ne6 21. Nh6+
Qxh6 22. Qxa8+ Kg7 23. Qe8 Qe3+ 24. Kh1 Nf6 25. Qe7 Qg5 26. Rf2 Qh4 27. Raf1
Nf4 28. dxe5 1-0

[Event "17. Obert Pobla de Lillet 2007"]
[Site "La Pobla de Lillet ESP"]
[Date "2007.08.04"]
[Round "3.9"]
[White "Capellades Subirana, Marc"]
[Black "Garcia Garrido, Enric"]
[Result "1-0"]
[WhiteElo "2112"]
[BlackElo "2011"]
[PlyCount "117"]
[EventDate "2007.08.02"]
[EventType "swiss"]
[EventRounds "9"]
[EventCountry "ESP"]
[SourceTitle "Ajedrez en Madrid"]
[Source "lmi"]
[SourceDate "2007.08.02"]
[SourceVersion "1"]
[SourceVersionDate "2020.06.30"]
[SourceQuality "1"]

1. e4 e5 2. Bc4 Nf6 3. d3 c6 4. Nf3 d5 5. exd5 cxd5 6. Bb5+ Bd7 7. Bxd7+ Nbxd7
8. O-O Bd6 9. Nc3 a6 10. Re1 O-O 11. Bg5 Qc7 12. Bh4 Rac8 13. Re2 Rfe8 14. Bg3
d4 15. Ne4 Nxe4 16. dxe4 Nf6 17. h3 Qc6 18. Qd3 Bb8 19. Rae1 Qa4 20. Qb3 Qxb3
21. axb3 Rc5 22. Rd1 Rec8 23. Rdd2 Nh5 24. Bh2 g6 25. b4 Rc4 26. Bxe5 Nf4 27.
Bxf4 Bxf4 28. Rxd4 Rxc2 29. Rxc2 Rxc2 30. g3 Bc7 31. Rd2 Rxd2 32. Nxd2 Bd6 33.
b5 axb5 34. Kf1 Kf8 35. Ke2 Ke7 36. Kd3 Bc5 37. f3 Bf2 38. g4 Kd6 39. Nb1 Ke5
40. Nc3 g5 41. Nxb5 Bc5 42. Kc4 b6 43. b4 Bf8 44. Nc7 Kf4 45. Nd5+ Kxf3 46.
Nxb6 Bxb4 47. Kxb4 Kxe4 48. Kc4 Kf4 49. Kd4 Kg3 50. Nd5 Kxh3 51. Nf6 Kg3 52.
Ke4 Kh4 53. Kf5 h6 54. Ke5 Kg3 55. Ke4 Kh3 56. Kf3 Kh2 57. Ng8 f5 58. gxf5 h5
59. Nh6 1-0

[Event "17. Obert Pobla de Lillet 2007"]
[Site "La Pobla de Lillet ESP"]
[Date "2007.08.04"]
[Round "3.10"]
[White "Reynes Gonzalez, Miguel"]
[Black "Basas Gamazo, Josep"]
[Result "1-0"]
[WhiteElo "1949"]
[BlackElo "2089"]
[PlyCount "37"]
[EventDate "2007.08.02"]
[EventType "swiss"]
[EventRounds "9"]
[EventCountry "ESP"]
[SourceTitle "Ajedrez en Madrid"]
[Source "lmi"]
[SourceDate "2007.08.02"]
[SourceVersion "1"]
[SourceVersionDate "2020.06.30"]
[SourceQuality "1"]

1. e4 c5 2. c3 d5 3. exd5 Qxd5 4. d4 Nc6 5. Nf3 Bg4 6. Be2 cxd4 7. cxd4 e6 8.
Nc3 Bb4 9. O-O Bxc3 10. bxc3 Nge7 11. h3 Bh5 12. Rb1 b6 13. Rb5 Bxf3 14. Rxd5
Bxe2 15. Qxe2 Nxd5 16. Qg4 g6 17. c4 Nde7 18. d5 exd5 19. cxd5 1-0

[Event "17. Obert Pobla de Lillet 2007"]
[Site "La Pobla de Lillet ESP"]
[Date "2007.08.05"]
[Round "4.1"]
[White "Luther, Thomas"]
[Black "Kogan, Artur"]
[Result "1/2-1/2"]
[WhiteElo "2529"]
[BlackElo "2569"]
[PlyCount "28"]
[EventDate "2007.08.02"]
[EventType "swiss"]
[EventRounds "9"]
[EventCountry "ESP"]
[SourceTitle "Ajedrez en Madrid"]
[Source "lmi"]
[SourceDate "2007.08.02"]
[SourceVersion "1"]
[SourceVersionDate "2020.06.30"]
[SourceQuality "1"]

1. e4 c5 2. Nf3 Nc6 3. d4 cxd4 4. Nxd4 Nf6 5. Nc3 e6 6. Ndb5 Bb4 7. a3 Bxc3+ 8.
Nxc3 d5 9. exd5 exd5 10. Bd3 O-O 11. O-O d4 12. Ne2 Bg4 13. Bg5 Qd6 14. Re1
Rfe8 1/2-1/2

[Event "17. Obert Pobla de Lillet 2007"]
[Site "La Pobla de Lillet ESP"]
[Date "2007.08.05"]
[Round "4.2"]
[White "Mirzoev, Azer"]
[Black "Movsziszian, Karen"]
[Result "1-0"]
[WhiteElo "2551"]
[BlackElo "2534"]
[PlyCount "73"]
[EventDate "2007.08.02"]
[EventType "swiss"]
[EventRounds "9"]
[EventCountry "ESP"]
[SourceTitle "Ajedrez en Madrid"]
[Source "lmi"]
[SourceDate "2007.08.02"]
[SourceVersion "1"]
[SourceVersionDate "2020.06.30"]
[SourceQuality "1"]

1. d4 d6 2. e4 Nf6 3. Nc3 g6 4. Be3 Bg7 5. Qd2 c6 6. Bh6 Bxh6 7. Qxh6 Qa5 8.
Bd3 b5 9. Nf3 b4 10. Ne2 b3+ 11. c3 Ba6 12. Bxa6 Nxa6 13. e5 Nd5 14. O-O bxa2
15. Nc1 Nac7 16. Rxa2 Qb5 17. Re1 O-O-O 18. Qd2 a6 19. Nd3 c5 20. Rea1 c4 21.
Nf4 Nb6 22. Ra5 Qe8 23. h3 d5 24. Qc2 Rg8 25. Ne2 h6 26. b3 g5 27. Nd2 Rg6 28.
bxc4 Nxc4 29. Nxc4 dxc4 30. Qf5+ Kb8 31. Ng3 Rb6 32. Ne4 Ka7 33. Nc5 Qg8 34.
Qe4 Rdb8 35. Nd7 Nb5 36. Nxb6 Rxb6 37. Qd5 1-0

[Event "17. Obert Pobla de Lillet 2007"]
[Site "La Pobla de Lillet ESP"]
[Date "2007.08.05"]
[Round "4.3"]
[White "Nikoladze, Sopio"]
[Black "Garcia Galeote, Lorenzo"]
[Result "1-0"]
[WhiteElo "2203"]
[BlackElo "2062"]
[PlyCount "75"]
[EventDate "2007.08.02"]
[EventType "swiss"]
[EventRounds "9"]
[EventCountry "ESP"]
[SourceTitle "Ajedrez en Madrid"]
[Source "lmi"]
[SourceDate "2007.08.02"]
[SourceVersion "1"]
[SourceVersionDate "2020.06.30"]
[SourceQuality "1"]

1. d4 Nc6 2. Nf3 d6 3. h3 g6 4. e4 Nf6 5. Nc3 Bg7 6. Be3 O-O 7. Qd2 a6 8. a4 d5
9. e5 Ne8 10. Be2 f6 11. Bh6 Bf5 12. Bxg7 Nxg7 13. O-O fxe5 14. dxe5 d4 15. Qh6
Ne6 16. Bc4 Kh8 17. Ne2 Qd7 18. Rfd1 Bxc2 19. Rd2 d3 20. Bxe6 Qxe6 21. Nf4 Qg8
22. Re1 Rf5 23. Re4 Rd8 24. g4 Na5 25. Nd4 Rxe5 26. Rxe5 Rxd4 27. Rxe7 Rd6 28.
Rxc7 Nb3 29. Rdxc2 dxc2 30. Rxc2 Nd4 31. Rc7 b5 32. Rxh7+ Qxh7 33. Qf8+ Qg8 34.
Qxd6 Nf3+ 35. Kg2 Nh4+ 36. Kg3 g5 37. Qh6+ Qh7 38. Qxg5 1-0

[Event "17. Obert Pobla de Lillet 2007"]
[Site "La Pobla de Lillet ESP"]
[Date "2007.08.05"]
[Round "4.4"]
[White "Asis Gargatagli, Hipolit"]
[Black "Simon Padros, Emili"]
[Result "1/2-1/2"]
[WhiteElo "2374"]
[BlackElo "2221"]
[PlyCount "79"]
[EventDate "2007.08.02"]
[EventType "swiss"]
[EventRounds "9"]
[EventCountry "ESP"]
[SourceTitle "Ajedrez en Madrid"]
[Source "lmi"]
[SourceDate "2007.08.02"]
[SourceVersion "1"]
[SourceVersionDate "2020.06.30"]
[SourceQuality "1"]

1. d4 e6 2. c4 f5 3. Nc3 Nf6 4. Qc2 Be7 5. Nf3 O-O 6. Bf4 b6 7. g3 Bb7 8. Bg2
Bb4 9. O-O Bxc3 10. Qxc3 d6 11. Rfe1 h6 12. Rad1 Qe7 13. Bc1 Be4 14. Bf1 Qf7
15. Nh4 g5 16. Ng2 Bb7 17. f3 Nbd7 18. d5 e5 19. Ne3 Ne8 20. b4 a5 21. a3 axb4
22. axb4 Ng7 23. Bb2 Nf6 24. Ng2 f4 25. e4 Nd7 26. Be2 Qg6 27. g4 h5 28. h3 Kf7
29. Ra1 hxg4 30. hxg4 Qh7 31. Rxa8 Rxa8 32. Kf2 Qh2 33. Rg1 Ne8 34. Ra1 Rxa1
35. Bxa1 Bc8 36. Qd3 Ndf6 37. c5 bxc5 38. bxc5 Kg6 39. Bc3 Kf7 40. Bb2 1/2-1/2

[Event "17. Obert Pobla de Lillet 2007"]
[Site "La Pobla de Lillet ESP"]
[Date "2007.08.05"]
[Round "4.5"]
[White "Canal Sala, Llorens"]
[Black "Moser, Eva"]
[Result "0-1"]
[WhiteElo "2072"]
[BlackElo "2424"]
[PlyCount "87"]
[EventDate "2007.08.02"]
[EventType "swiss"]
[EventRounds "9"]
[EventCountry "ESP"]
[SourceTitle "Ajedrez en Madrid"]
[Source "lmi"]
[SourceDate "2007.08.02"]
[SourceVersion "1"]
[SourceVersionDate "2020.06.30"]
[SourceQuality "1"]

1. d4 e6 2. c4 f5 3. g3 Nf6 4. Bg2 d5 5. e3 c6 6. Ne2 Bd6 7. O-O O-O 8. b3 Qe7
9. Bb2 a5 10. Nbc3 b6 11. Rc1 Nbd7 12. cxd5 exd5 13. Re1 Ba6 14. Nf4 Rac8 15.
Na4 Kh8 16. Nd3 Ne4 17. Re2 c5 18. dxc5 Nexc5 19. Ndxc5 Bxe2 20. Qxe2 Bxc5 21.
Bxd5 f4 22. Nxc5 Nxc5 23. Bd4 fxg3 24. hxg3 Rcd8 25. Qh5 Nd3 26. Rf1 Rd6 27.
Bg2 Nb4 28. Bh3 Rd5 29. Qd1 Qf7 30. Bg2 Rdd8 31. Qb1 Rd6 32. Be4 Rh6 33. Kg2
Qh5 34. Rh1 Qxh1+ 35. Qxh1 Rxh1 36. Kxh1 Rxf2 37. Bxb6 Rxa2 38. Bf5 Nc6 39. Be6
h6 40. Bd5 Nb4 41. Bc4 g6 42. Bd4+ Kh7 43. Bb6 h5 44. Bc7 0-1

[Event "17. Obert Pobla de Lillet 2007"]
[Site "La Pobla de Lillet ESP"]
[Date "2007.08.05"]
[Round "4.6"]
[White "Wohl, Aleksandar H"]
[Black "Corriguelas Armillas, Frederic"]
[Result "1-0"]
[WhiteElo "2423"]
[BlackElo "2022"]
[PlyCount "48"]
[EventDate "2007.08.02"]
[EventType "swiss"]
[EventRounds "9"]
[EventCountry "ESP"]
[SourceTitle "Ajedrez en Madrid"]
[Source "lmi"]
[SourceDate "2007.08.02"]
[SourceVersion "1"]
[SourceVersionDate "2020.06.30"]
[SourceQuality "1"]

1. e4 e6 2. Nf3 d5 3. Nc3 c5 4. d4 Nf6 5. exd5 exd5 6. Bb5+ Nc6 7. O-O Be7 8.
dxc5 O-O 9. Be3 Bg4 10. h3 Bh5 11. g4 Bg6 12. Bxc6 bxc6 13. Ne5 Qc7 14. Bf4 Qb7
15. Qd4 Bxc2 16. b4 Ne4 17. Rac1 Nxc3 18. Rxc2 Nb5 19. Qd3 a5 20. a4 Nc7 21. b5
cxb5 22. c6 Qa7 23. axb5 Ne6 24. Be3 Nd4 1-0

[Event "17. Obert Pobla de Lillet 2007"]
[Site "La Pobla de Lillet ESP"]
[Date "2007.08.05"]
[Round "4.7"]
[White "Lorca Cortada, David"]
[Black "Matnadze, Ana"]
[Result "0-1"]
[WhiteElo "2071"]
[BlackElo "2409"]
[PlyCount "74"]
[EventDate "2007.08.02"]
[EventType "swiss"]
[EventRounds "9"]
[EventCountry "ESP"]
[SourceTitle "Ajedrez en Madrid"]
[Source "lmi"]
[SourceDate "2007.08.02"]
[SourceVersion "1"]
[SourceVersionDate "2020.06.30"]
[SourceQuality "1"]

1. e4 c5 2. Nf3 d6 3. d4 cxd4 4. Nxd4 Nf6 5. Nc3 Nc6 6. Bg5 Bd7 7. Bxf6 gxf6 8.
Bc4 Qa5 9. f4 Qc5 10. Nxc6 Qxc4 11. Na5 Qc5 12. Nb3 Qe3+ 13. Qe2 Qxe2+ 14. Kxe2
f5 15. Rhe1 Rc8 16. Kd2 Bg7 17. Nd5 fxe4 18. Rxe4 e6 19. Nc3 Bc6 20. Re2 Kd7
21. Na5 h5 22. Nxc6 bxc6 23. Rg1 Bd4 24. Rf1 f5 25. Rf3 h4 26. Rd3 Bf6 27. Nd1
Rb8 28. b3 d5 29. Nf2 Rhg8 30. g3 hxg3 31. Rxg3 a5 32. Nd3 Rxg3 33. hxg3 Kd6
34. a3 Rg8 35. b4 axb4 36. axb4 Rxg3 37. Nc5 Bc3+ 0-1

[Event "17. Obert Pobla de Lillet 2007"]
[Site "La Pobla de Lillet ESP"]
[Date "2007.08.05"]
[Round "4.8"]
[White "Duran Burniol, Joan"]
[Black "Guramishvili, Sopiko"]
[Result "1/2-1/2"]
[WhiteElo "2028"]
[BlackElo "2273"]
[PlyCount "60"]
[EventDate "2007.08.02"]
[EventType "swiss"]
[EventRounds "9"]
[EventCountry "ESP"]
[SourceTitle "Ajedrez en Madrid"]
[Source "lmi"]
[SourceDate "2007.08.02"]
[SourceVersion "1"]
[SourceVersionDate "2020.06.30"]
[SourceQuality "1"]

1. f4 d5 2. Nf3 g6 3. e3 Bg7 4. d4 c5 5. c3 Nh6 6. Bd3 Bf5 7. Bxf5 Nxf5 8. O-O
O-O 9. Qe1 Nd7 10. Nbd2 Nf6 11. dxc5 Qc7 12. e4 dxe4 13. Nxe4 Nxe4 14. Qxe4
Qxc5+ 15. Kh1 Qc7 16. Be3 Nd6 17. Qc2 b5 18. Rac1 Rfc8 19. Qe2 Qc4 20. Rfe1
Qxa2 21. Ra1 Qc4 22. Rxa7 Rxa7 23. Bxa7 Qxf4 24. Qxe7 Bf8 25. Qe5 Qxe5 26. Rxe5
Ra8 27. Bd4 Ra1+ 28. Re1 Ra2 29. b4 Nf5 30. Be5 h5 1/2-1/2

[Event "17. Obert Pobla de Lillet 2007"]
[Site "La Pobla de Lillet ESP"]
[Date "2007.08.05"]
[Round "4.9"]
[White "Ayza Ballester, Jordi"]
[Black "Reynes Gonzalez, Miguel"]
[Result "1/2-1/2"]
[WhiteElo "2254"]
[BlackElo "1949"]
[PlyCount "21"]
[EventDate "2007.08.02"]
[EventType "swiss"]
[EventRounds "9"]
[EventCountry "ESP"]
[SourceTitle "Ajedrez en Madrid"]
[Source "lmi"]
[SourceDate "2007.08.02"]
[SourceVersion "1"]
[SourceVersionDate "2020.06.30"]
[SourceQuality "1"]

1. e4 e5 2. Nf3 Nc6 3. Bb5 a6 4. Ba4 Nf6 5. O-O Nxe4 6. Re1 Nc5 7. Bxc6 dxc6 8.
d4 Ne6 9. Nxe5 Qxd4 10. Qxd4 Nxd4 11. Nxc6+ 1/2-1/2

[Event "17. Obert Pobla de Lillet 2007"]
[Site "La Pobla de Lillet ESP"]
[Date "2007.08.05"]
[Round "4.10"]
[White "Marca Esturnell, Josep Maria"]
[Black "Codina Feixes, Josep"]
[Result "0-1"]
[WhiteElo "1952"]
[BlackElo "2211"]
[PlyCount "70"]
[EventDate "2007.08.02"]
[EventType "swiss"]
[EventRounds "9"]
[EventCountry "ESP"]
[SourceTitle "Ajedrez en Madrid"]
[Source "lmi"]
[SourceDate "2007.08.02"]
[SourceVersion "1"]
[SourceVersionDate "2020.06.30"]
[SourceQuality "1"]

1. d4 d5 2. Nf3 Bf5 3. c4 c6 4. Nc3 e6 5. e3 Nf6 6. Bd3 Bxd3 7. Qxd3 Nbd7 8.
Bd2 Bd6 9. cxd5 exd5 10. O-O O-O 11. e4 dxe4 12. Nxe4 Nxe4 13. Qxe4 Nf6 14. Qc2
Qc7 15. Rfe1 Rfe8 16. a3 h6 17. Rac1 Rxe1+ 18. Rxe1 Rd8 19. Qf5 Qd7 20. Qc2 Bc7
21. Bc3 Bb6 22. Qb3 Nd5 23. Qc2 Nf4 24. Ne5 Qd5 25. Nf3 Qh5 26. Qe4 Qg4 27. g3
Nh3+ 28. Kg2 Qd7 29. Qe7 Qd5 30. Re5 Qc4 31. Kxh3 Qf1+ 32. Kg4 Qxf2 33. Rf5 h5+
34. Kh4 Rf8 35. h3 Bd8 0-1

[Event "17. Obert Pobla de Lillet 2007"]
[Site "La Pobla de Lillet ESP"]
[Date "2007.08.05"]
[Round "4.11"]
[White "Barrio Aldea, Fernando"]
[Black "Capellades Subirana, Marc"]
[Result "1/2-1/2"]
[WhiteElo "2011"]
[BlackElo "2112"]
[PlyCount "76"]
[EventDate "2007.08.02"]
[EventType "swiss"]
[EventRounds "9"]
[EventCountry "ESP"]
[SourceTitle "Ajedrez en Madrid"]
[Source "lmi"]
[SourceDate "2007.08.02"]
[SourceVersion "1"]
[SourceVersionDate "2020.06.30"]
[SourceQuality "1"]

1. d4 Nf6 2. c4 e6 3. Nf3 b6 4. e3 Bb7 5. Bd3 Bb4+ 6. Nbd2 Be4 7. Bxe4 Nxe4 8.
O-O Bxd2 9. Nxd2 Nxd2 10. Bxd2 d6 11. e4 Nd7 12. f4 O-O 13. e5 f6 14. Bc3 fxe5
15. Qg4 Qe7 16. fxe5 dxe5 17. dxe5 Rxf1+ 18. Rxf1 Rf8 19. Rxf8+ Nxf8 20. Kf2
Qc5+ 21. Qd4 Qxd4+ 22. Bxd4 c5 23. Bc3 Nd7 24. Ke3 Kf7 25. Ke4 a5 26. Be1 Nb8
27. Bh4 Ke8 28. Be1 Nc6 29. Bc3 Kf7 30. b3 Kg6 31. Kf4 Kh5 32. a3 g5+ 33. Kf3
Kg6 34. g4 h5 35. h3 Nd8 36. b4 a4 37. bxc5 bxc5 38. Ke4 Nb7 1/2-1/2

[Event "17. Obert Pobla de Lillet 2007"]
[Site "La Pobla de Lillet ESP"]
[Date "2007.08.06"]
[Round "5.1"]
[White "Nikoladze, Sopio"]
[Black "Mirzoev, Azer"]
[Result "0-1"]
[WhiteElo "2203"]
[BlackElo "2551"]
[PlyCount "112"]
[EventDate "2007.08.02"]
[EventType "swiss"]
[EventRounds "9"]
[EventCountry "ESP"]
[SourceTitle "Ajedrez en Madrid"]
[Source "lmi"]
[SourceDate "2007.08.02"]
[SourceVersion "1"]
[SourceVersionDate "2020.06.30"]
[SourceQuality "1"]

1. d4 Nf6 2. Nf3 d5 3. e3 c5 4. b3 cxd4 5. exd4 Nc6 6. Bb2 Bg4 7. Be2 e6 8. O-O
Be7 9. Ne5 Bxe2 10. Qxe2 O-O 11. Nd2 Rc8 12. a3 Qb6 13. Qd3 Rfd8 14. Rae1 Bf8
15. Re2 g6 16. Kh1 Bg7 17. f3 Ne7 18. g4 Qc7 19. Nb1 Ne8 20. Qe3 Nc6 21. h4 Nd6
22. Nc3 Nxe5 23. dxe5 Nc4 24. bxc4 d4 25. Qf2 dxc3 26. Bxc3 Qxc4 27. Bb4 Rd4
28. c3 Rd5 29. Re4 Qa6 30. Rfe1 b6 31. f4 Qd3 32. R4e3 Qc4 33. Re4 Qc6 34. c4
Rd3 35. Kh2 Bf8 36. f5 Bxb4 37. axb4 Rcd8 38. R1e2 a5 39. Qf4 axb4 40. h5 Qe8
41. Rf2 Qe7 42. f6 Qc5 43. Ree2 b3 44. hxg6 hxg6 45. Qh6 Qf8 46. Qh4 Rc3 47.
Rb2 Rdd3 48. Rfd2 Rxd2+ 49. Rxd2 Rc2 50. Qg5 b2 51. Rxc2 b1=Q 52. Rg2 Qe1 53.
Qf4 Qh4+ 54. Kg1 Qc5+ 55. Rf2 g5 56. Qf3 Qxe5 0-1